[Event "Fouesnant op 11th"]
[Site "Fouesnant"]
[Date "2005.10.26"]
[Round "6"]
[White "Viard, Bettina"]
[Black "Chetail, Guillaume"]
[Result "1/2-1/2"]
[WhiteElo "1290"]
[BlackElo "1760"]
[PlyCount "144"]
[EventDate "2005.10.22"]
[EventType "swiss"]
[EventRounds "9"]
[EventCountry "FRA"]
[SourceTitle "EXT 2007"]
[Source "ChessBase"]
[SourceDate "2006.11.23"]
[SourceVersion "1"]
[SourceVersionDate "2006.11.23"]
[SourceQuality "1"]

1. b3 d5 2. Bb2 Nc6 3. e3 e5 4. d4 e4 5. c4 Be6 6. Ne2 dxc4 7. bxc4 Bxc4 8. Nd2 Bb4 9. g3 Bd5 10. a3 Ba5 11. Bg2 f5 12. 0-0 Nf6 13. Bc3 0-0 14. Bxa5 Nxa5 15. Nc3 c6 16. Nxd5 cxd5 17. Rb1 Qd6 18. a4 Rac8 19. Bh3 Nd7 20. Qh5 Qg6 21. Qxg6 hxg6 22. Rfc1 Nb6 23. Rxc8 Rxc8 24. Bf1 Rc2 25. Nb3 Nxb3 26. Rxb3 Ra2 27. Bb5 Rc2 28. Be8 Kh7 29. a5 Na8 30. Rxb7 Rc7 31. Rb8 Rc1+ 32. Kg2 Nc7 33. Rc8 Rc4 34. Bf7 Rc3 35. Rd8 Ra3 36. Bxd5 Rxa5 37. Bg8+ Kh8 38. Bf7+ Kh7 39. Rd6 Ra6 40. Bxg6+ Kh6 41. Rxa6 Nxa6 42. Bxf5 Nc7 43. Bxe4 a5 44. Bc6 Kg6 45. e4 Kf6 46. f4 g6 47. g4 Ne6 48. g5+ Kf7 49. Bd5 Ke7 50. Ba2 Nxf4+ 51. Kf3 Ne6 52. d5 Nxg5+ 53. Kf4 Nf7 54. e5 a4 55. h4 Nh6 56. Bb1 a3 57. Ba2 Kd7 58. Ke4 Nf5 59. Kd3 Nxh4 60. Kc4 Nf5 61. Kb4 g5 62. Kxa3 g4 63. Bb1 Ne3 64. Be4 Nc4+ 65. Kb4 Nxe5 66. Bg2 Kd6 67. Kc3 Nd7 68. Kd2 Ke5 69. Ke3 Nf6 70. Kf2 Nxd5 71. Bxd5 Kxd5 72. Kg3 Ke5 1/2-1/2

[Event "Fouesnant op 11th"]
[Site "Fouesnant"]
[Date "2005.10.24"]
[Round "4"]
[White "Viard, Bettina"]
[Black "Soufflet, Jacques"]
[Result "1-0"]
[WhiteElo "1290"]
[BlackElo "1470"]
[PlyCount "25"]
[EventDate "2005.10.22"]
[EventType "swiss"]
[EventRounds "9"]
[EventCountry "FRA"]
[SourceTitle "EXT 2007"]
[Source "ChessBase"]
[SourceDate "2006.11.23"]
[SourceVersion "1"]
[SourceVersionDate "2006.11.23"]
[SourceQuality "1"]

1. e4 e6 2. d4 d5 3. Nc3 c5 4. Nf3 Qb6 5. exd5 cxd4 6. Nxd4 Bc5 7. Be3 Qxb2 8. Bb5+ Ke7 9. Nce2 Bxd4 10. Nxd4 Qc3+ 11. Bd2 Qxd4 12. Bg5+ f6 13. Qxd4 1-0